| 000 | 00566cam a2200181 a 4500 | ||
|---|---|---|---|
| 020 | _a0878662707 | ||
| 040 | _cDLE | ||
| 082 | 0 | _a620 UNI 2000 A106 Or. | |
| 100 | 1 | _aReyes-Guerra, David R. | |
| 245 | 1 | 4 |
_aThe engineering/high-tech student's handbook : _bpreparing for careers of the future / |
| 300 |
_a120 pages ; _c28 cm. |
||
| 500 | _aRev. ed. of: Peterson's guide to undergraduate engineering study. c1981. | ||
| 650 | 0 | _aEngineering | |
| 700 | 1 | _aFischer, Alan M., | |
| 700 | 1 | _aReyes-Guerra, David R. | |
| 710 | 2 | _aPeterson's Guides, Inc. | |
| 942 | _cEK | ||
| 999 |
_c16545 _d16545 |
||